000 00349 a2200121 4500
001 ART_11740
005 20260410161859.0
008 260409a
245 1 0 _aEqual yield tax alternatives
100 1 _aWhalley, John
700 1 _aShoven, John B.
773 0 _tJournal of public economics
_g- Vol. 8, NÂș 2 (oct. 1977)
_wREV11485
999 _c25786
_d25786